000 00485nam a2200193Ia 4500
003 LK-CoDNM
008 010623t1911 xxu||||| |||| 00| 1 sin d
040 _aLK-CoDNM
_dLK-CoDNM
_eLK-CoDNM
041 _asin
080 _a104 B 7
100 _aWeerasuriya,S.
245 _aවිද්‍යා චන්ද්‍රිකා
246 _aVidyaChandrika
260 _bOriental
_aDehiwela
_c1911
300 _b15p, 21 cm
490 _vVol. I
650 _aTripitaka
942 _cBK
999 _c87507
_d87507